|
|
|
|
| LEADER |
01082nam a22002297a 4500 |
| 003 |
GR-PaULI |
| 005 |
20210117211038.0 |
| 007 |
ta |
| 008 |
200214s1947 -usf|||f |||| 001 0 eng d |
| 952 |
|
|
|0 0
|1 0
|2 nlm
|4 0
|6 WA_900_GRE
|7 1
|9 239296
|a MEDI
|b MEDI
|c DON
|d 2020-02-14
|i 6801
|l 0
|o WA 900 GRE
|p 025000176146
|r 2020-02-14 00:00:00
|t 1
|v 2020.00
|w 2020-02-14
|y BKN
|z Δωρεά Β. Βαλαώρα (αίθουσα δωρεών)
|
| 999 |
|
|
|c 144461
|d 144461
|
| 040 |
|
|
|a GR-PaULI
|b gre
|c GR-PaULI
|e AACR2
|
| 060 |
|
|
|a WA 900
|
| 100 |
1 |
|
|9 180064
|a Greville, T. N. E. (Thomas Nall Eden),
|d 1910-1998
|e συγγραφέας
|
| 245 |
1 |
0 |
|a United States life tables and actuarial tables 1939-1941 /
|c by Thomas N. E. Greville ; United States Public Health Service.
|
| 260 |
|
|
|a Washington :
|b United States Government Printing Office,
|c 1947.
|
| 300 |
|
|
|a iv, 153 σ. :
|b πίν. ;
|c 30 εκ.
|
| 500 |
|
|
|a Περιέχει ευρετήριο.
|
| 650 |
|
4 |
|9 85113
|a Δημογραφική στατιστική
|
| 710 |
2 |
|
|9 24832
|a United States. Public Health Service.
|
| 942 |
|
|
|2 nlm
|c BKN
|
| 998 |
|
|
|c ΜΑΝΙΑΚΗ
|d 2020
|